000 00271nam a2200109Ia 4500
008 200302s9999 xx 000 0 und d
100 _aD.N. Dube, Jaya Ramanathan
245 _aDelhi: The City of Monuments
260 _bTimeless Books
260 _c1997
300 _a163 P.,
999 _c4355
_d4355